00755cam a2200241 a 45000010008000000030006000080050017000140080041000310100017000720200025000890400018001140500020001320820017001521000026001692450055001952500032002502600062002823000033003445040064003776500020004417000029004617400023004902050028GBCCL20241126110703.0930713s1994 tnub b 001 0 eng  a 93011779  a0805410643 :c$24.99 aDLCcDLCdDLC00aBR146b.B2 199400a270220bBAK1 aBaker, Robert Andrew.12aA summary of Christian history /cRobert A. Baker. aRev. /bby John M. Landers. aNashville, Tenn. :bBroadman & Holman Publishers,cc1994. axi, 435 p. :bmaps ;c24 cm. aIncludes bibliographical references (p. 411-415) and index. 0aChurch history.1 aLanders, John M.,d1941-0 aChristian history.